The A. I. Typhoon (Record no. 96867)
[ view plain ]
| 000 -LEADER | |
|---|---|
| fixed length control field | 00508nam a2200205Ia 4500 |
| 005 - DATE AND TIME OF LATEST TRANSACTION | |
| control field | 20230426224846.0 |
| 008 - FIXED-LENGTH DATA ELEMENTS--GENERAL INFORMATION | |
| fixed length control field | 230125s9999 xx 000 0 und d |
| 020 ## - INTERNATIONAL STANDARD BOOK NUMBER | |
| International Standard Book Number | 9789385509131 |
| 041 ## - LANGUAGE CODE | |
| Language code of text/sound track or separate title | eng |
| 082 ## - DEWEY DECIMAL CLASSIFICATION NUMBER | |
| Classification number | 006.3 |
| Item number | MUK |
| 100 ## - MAIN ENTRY--PERSONAL NAME | |
| Author | Mukhi V |
| 245 ## - TITLE STATEMENT | |
| Title | The A. I. Typhoon |
| 250 ## - EDITION STATEMENT | |
| Edition statement | 1st Ed. |
| 260 ## - PUBLICATION, DISTRIBUTION, ETC. | |
| Date of publication, distribution, etc. | 2018 |
| Name of publisher, distributor, etc. | Indus Source Books |
| Place of publication, distribution, etc. | Mumbai |
| 300 ## - PHYSICAL DESCRIPTION | |
| Extent | 161 p |
| 500 ## - GENERAL NOTE | |
| Keywords | Artificial Intelligence<br/> |
| 650 ## - SUBJECT ADDED ENTRY--TOPICAL TERM | |
| Topical term or geographic name entry element | Artificial Intelligence |
| 700 ## - ADDED ENTRY--PERSONAL NAME | |
| Personal name | Mukhi V |
| 942 ## - ADDED ENTRY ELEMENTS (KOHA) | |
| Koha item type | Books |
| Withdrawn status | Lost status | Damaged status | Not for loan | Home library | Current library | Date acquired | Vendor | Net Price | Total Checkouts | Full call number | Barcode | Date last seen | Actual Price | Bill Date | Koha item type | Original Barcode |
|---|---|---|---|---|---|---|---|---|---|---|---|---|---|---|---|---|
| Smt. Hiraben Nanavati Institute of Management & Research for Women | Smt. Hiraben Nanavati Institute of Management & Research for Women | 24/03/2021 | Donated Book- Outside Donar | 499.00 | 006.3 MUK DB2962 | HIMR-DB-2962 | 25/01/2023 | 499.00 | 25/01/2023 | Donated Book | DB2962 |